000 00512nam a2200181Ia 4500
005 20250508155618.0
008 008 250505s9999 xx 000 0 eng d
037 _aBooks to be hide in OPAC
040 _aFEDL
_beng
_cFEDL
041 _aeng
_2eng
084 _a660, IND/O
_qFEDL
245 0 _aReport of the scientific man-power committee June 1949
245 0 _cIndia,. Education (Ministry of...)
260 _c1949
300 _a99p.
942 _cHB
_h660, IND/O
999 _c1358216
_d1358216